Smokey Robinson / Smokey Robinson & The Miracles / The Miracles Discography - Statistics

General Stats
  • This quiz has been taken 3 times
  • The average score is 8 of 125
Answer Stats
Type Year Name % Correct
Album 1981 Being with You
67%
Double Package 1978 Being with You / Where There's Smoke...
67%
Compilation 1995 Motown Legends: Cruisin' - Being with You
67%
Compilation 2000 Tracks of My Tears
67%
Album 1975 A Quiet Storm
33%
Album 1975 City of Angels
33%
Double Package 1989 Doin' Mickey's Monkey / Away We A Go-Go
33%
Album 1965 Going to a Go-Go
33%
Double Package 2001 Going to a Go-Go / Away We a Go-Go
33%
Album 1961 Hi... We're the Miracles
33%
Album 1962 I'll Try Something New
33%
Album 1967 Make It Happen
33%
Double Package 2001 Make It Happen / Special Occasion
33%
Compilation 1993 Motown Legends: I Second That Emotion
33%
Compilation 2004 Motown Legends: Shop Around
33%
Album 1971 One Dozen Roses
33%
Compilation 2002 Ooo Baby Baby: The Anthology
33%
Double Package 1975 Smokey / A Quiet Storm
33%
Album 1978 The Miracles
33%
Compilation 1983 18 Greatest Hits
0%
Holiday Compilation 2003 20th Century Masters - The Christmas Collection: The Best of Smokey Robinson & The Miracles
0%
Compilation 2000 20th Century Masters - The Millennium Collection: The Best of Smokey Robinson
0%
Compilation 1999 20th Century Masters - The Millennium Collection: The Best of Smokey Robinson & The Miracles
0%
Compilation 2006 50th Anniversary Collection
0%
Compilation 1973 | 1974 Anthology
0%
Album 1970 A Pocket Full of Miracles
0%
Album 1966 Away We a Go-Go
0%
Compilation 1989 Baby, Baby Don't Cry
0%
Collaborative Compilation 1993 Back to Back: Marvin Gaye and Smokey Robinson & The Miracles
0%
Collaborative Compilation 2008 Best of Motown 50
0%
Soundtrack 1977 Big Time
0%
Compilation 1983 Blame It on Love and All the Greatest Hits
0%
Collaborative Box Set 2001 Boxed Trifecta: Marvin Gaye/Smokey Robinson & The Miracles/Martha Reeve & The V
0%
Holiday Album 1963 Christmas with the Miracles
0%
Compilation 2009 Classic
0%
Compilation 2007 Colour Collection
0%
Compilation 1990 Compact Command Performaces, Vol. 2
0%
Compilation 1989 Compact Command Performances
0%
Album 1961 Cookin' with the Miracles
0%
Album 1977 Deep in My Soul
0%
Album 1974 Do It Baby
0%
Album 1975 Don't Cha Love It
0%
Album 1991 Double Good Everything
0%
Compilation 1999 Early Classics
0%
Album 1984 Essar
0%
Album 1972 Flying High Together
0%
Album 2004 Food for the Spirit
0%
Compilation 2005 For Lovers
0%
Album 1969 Four in Blue
0%
Compilation 2006 Gold
0%
Compilation 2004 Golden Legends
0%
Compilation 2008 Gold: International Version
0%
Compilation 2004 Greatest Collection
0%
Compilation 2005 Greatest Hits
0%
Compilation 1965 Greatest Hits: From the Beginning
0%
Live Compilation 1998 Greatest Hits Live
0%
Compilation 1968 Greatest Hits, Vol. 2
0%
Compilation 1977 Greatest Hits (with Billy Griffin)
0%
Compilation 1983 Great Songs and Performances
0%
Compilation 2010 Icon
0%
Album 1964 I Like It Like That
0%
Album 1999 Intimate
0%
Compilation 2006 Legends
0%
Compilation 1999 Lost & Found: Along Came Love (1958-1964)
0%
Album 1978 Love Breeze
0%
Album 1977 Love Crazy
0%
Album 1990 Love, Smokey
0%
Compilation 2009 Love Songs
0%
Compilation 2006 Masterpieces
0%
Compilation 1997 Master Series
0%
Compilation 1977 Motown Superstar Series, Vol. 18
0%
Compilation 2005 My World (The Definitive Collection)
0%
Compilation 2010 Now And Then
0%
Album 1987 One Heartbeat
0%
Album 1974 Pure Smokey
0%
Album 1973 Renaissance
0%
Album 1986 Smoke Signals
0%
Album 1973 Smokey
0%
Collaborative Album 2014 Smokey & Friends
0%
Live Album 1972 Smokey Robinson & the Miracles: 1957-1972
0%
Live Album 1969 Smokey Robinson & The Miracles LIVE!
0%
Album 1976 Smokey's Family Robinson
0%
Compilation 1978 Smokey's World
0%
Album 1978 Smokin'
0%
Compilation 2006 Soul Legends
0%
Album 1968 Special Occasion
0%
Compilation 1994 The 35th Anniversary Collection
0%
Compilation 1995 The Ballad Album
0%
Compilation 2005 The Best of Smokey Robinson
0%
Compilation 1995 The Best of Smokey Robinson & The Miracles
0%
Compilation 1990 The Composer Series: Smokey Robinson
0%
Compilation 2008 The Definitive Collection
0%
Video Compilation 2006 The Definitive Performances 1963-1987
0%
Album 1963 The Fabulous Miracles
0%
Live Compilation 2004 The Live Collection
0%
Holiday Compilation 2000 The Miracles Christmas Collection
0%
Compilation 2009 The Miracles - Depend on Me: The Early Albums (Full Compilation/Box Set)
0%
Album 1963 The Miracles Doin' Mickey's Monkey
0%
Live Album 1963 The Miracles Recorded Live on Stage
0%
Album 1976 The Power of Music
0%
Holiday Album 1970 The Season for Miracles
0%
Compilation 2007 The Silver Spectrum Collection
0%
Double Package 2010 The Solo Albums, Vol. 1
0%
Double Package 2010 The Solo Albums, Vol. 2
0%
Double Package 2010 The Solo Albums, Vol. 3
0%
Double Package 2011 The Solo Albums, Vol. 4
0%
Reissued Album 2011 The Solo Albums, Vol. 5
0%
Double Package 2011 The Solo Albums, Vol. 6
0%
Compilation 2001 The Solo Anthology
0%
Compilation 1997 | 1998 The Ultimate Collection
0%
Album 2009 Time Flies When You're Having Fun
0%
Standards Album 2006 Timeless Love
0%
Album 1969 Time Out for Smokey Robinson & The Miracles
0%
Double Package 2001 Time Out for Smokey Robinson & The Miracles / Four in Blue
0%
Album 1983 Touch the Sky
0%
Compilation 2005 Universal Masters Collection
0%
Album 1980 Warm Thoughts
0%
Compilation 1993 Whatever Makes You Happy: More of the Best...
0%
Album 1970 What Love Has...Joined Together
0%
Album 1979 Where There's Smoke...
0%
Compilation 2003 Winning Combinations
0%
Album 1982 Yes It's You Lady
0%
Compilation 2007 You Must Be Love: The Love Collection
0%
No matching quizzes found
Score Distribution
Percent of People with Each Score
Percentile by Number Answered
Your Score History
You have not taken this quiz